MARC

LEADER 00000nam0a2200000 4500
001 22066
005 20231101205453.0
010 |a 5811401833 
035 |a (RuTPU)RU\TPU\book\22278 
035 |a BOOK00000040 
090 |a 22066 
100 |a 20011209d2000 m y0engy50 ba 
101 0 |a eng  |a rus 
102 |a RU 
105 |a y j 000zy 
200 1 |a Английский язык  |e учебник для самостоятельной работы  |f М. Э. Еникеева, А. В. Зеленщиков, Н. Ф. Зимина, Т. А. Поздеева и др 
210 |a СПб.  |c Лань  |d 2000 
215 |a 320 с. 
606 |a Английский язык  |x Учебные руководства и пособия  |x Самоучители  |2 stltpush  |3 (RuTPU)RU\TPU\subj\29081  |9 52492 
610 1 |a учебные пособия 
610 1 |a самоучители 
610 1 |a грамматика 
610 1 |a лексика 
686 |a Ш143.21-922  |v LBC/SL-A  |2 rubbk 
701 1 |a Еникеева  |b М. Э. 
701 1 |a Зеленщиков  |b А. В. 
701 1 |a Зимина  |b Н. Ф. 
701 1 |a Поздеева  |b Т. А. 
701 1 |a Сулханянц  |b Н. З. 
801 0 |a RU  |b 63413507  |c 20011209  |g PSBO 
801 2 |a RU  |b 63413507  |c 20170921  |g PSBO 
942 |c BK